[Event "7th Banja Luka it"]
[Site "Banja Luka YUG"]
[Date "1987.04.11"]
[Round "1"]
[White "Mihaljcisin, Mihajlo"]
[Black "Skembris, Spyridon"]
[Result "0-1"]
[WhiteElo "2280"]
[BlackElo "2400"]
[EventDate "1987.04.11"]
[PlyCount "62"]

1.e4 c6 2.d4 d5 3.Nd2 dxe4 4.Nxe4 Nf6 5.Nxf6+ gxf6 6.Bc4 Bf5 7.Ne2 h5 8.h4
Nd7 9.Bb3 e6 10.Bf4 a5 11.a4 Nb6 12.c4 Rg8 13.Ng3 Rg4 14.Nxh5 Qe7 15.c5 
Nd7 16.Bd6 Qd8 17.Ng3 Bxd6 18.cxd6 Qb6 19.Nxf5 exf5 20.O-O O-O-O 21.Bxf7 
Rxh4 22.Re1 Rxd4 23.Qf3 f4 24.Be6 Kb8 25.Bxd7 Rxd7 26.Re6 Qxb2 27.Rae1 Qb4
28.Qh5 R4xd6 29.R6e4 Rd4 30.Re8+ Ka7 31.Qh8 Rd1 0-1

[Event "7th Banja Luka it"]
[Site "Banja Luka YUG"]
[Date "1987.04.11"]
[Round "1"]
[White "Matulovic, Milan"]
[Black "Brkovic, Zoran"]
[Result "1-0"]
[WhiteElo "2485"]
[BlackElo "2350"]
[EventDate "1987.04.11"]
[PlyCount "79"]

1.e4 e6 2.d4 d5 3.Nd2 Nf6 4.Bd3 c5 5.e5 Nfd7 6.c3 Nc6 7.Ne2 cxd4 8.cxd4 f6
9.exf6 Nxf6 10.O-O Bd6 11.f4 Qb6 12.Nf3 Bd7 13.Kh1 O-O 14.Nc3 Kh8 15.a3 
Rac8 16.Ne5 Be8 17.Na4 Qc7 18.Be3 Bh5 19.Qe1 Ne7 20.Rc1 Qd8 21.Nc5 Bxc5 
22.dxc5 d4 23.Bg1 Nf5 24.h3 Be8 25.Nf3 Bc6 26.Bxf5 exf5 27.Nxd4 Re8 28.
Nxc6 Rxc6 29.Rd1 Qc8 30.Qb4 Ne4 31.Rfe1 Rce6 32.Bd4 Qc6 33.Kh2 Rg6 34.Re2 
h6 35.Be5 Nxc5 36.Qc4 Kh7 37.Rc2 Ree6 38.Qxc5 Rxg2+ 39.Rxg2 Qxc5 40.Rxg7+ 
1-0

[Event "7th Banja Luka it"]
[Site "Banja Luka YUG"]
[Date "1987.04.11"]
[Round "1"]
[White "Veroci-Petronic, Zsuzsa"]
[Black "Hulak, Krunoslav"]
[Result "0-1"]
[WhiteElo "2415"]
[BlackElo "2540"]
[EventDate "1987.04.11"]
[PlyCount "56"]

1.e4 c5 2.Nf3 e6 3.d4 cxd4 4.Nxd4 Nf6 5.Nc3 d6 6.Be2 Be7 7.O-O Nc6 8.Be3 
O-O 9.f4 Bd7 10.a4 a6 11.Kh1 Qc7 12.Nb3 b6 13.Bf3 Rab8 14.Qe2 Bc8 15.Bf2 
Re8 16.Rad1 Nd7 17.Nd4 Nxd4 18.Bxd4 Bb7 19.e5 Bxf3 20.Rxf3 dxe5 21.Bxe5 
Nxe5 22.fxe5 Bc5 23.Rdf1 Re7 24.Rh3 h6 25.Qe4 Rd7 26.Rg3 Rbd8 27.Qf4 Bd4 
28.Re1 Bxe5 0-1

[Event "7th Banja Luka it"]
[Site "Banja Luka YUG"]
[Date "1987.04.11"]
[Round "1"]
[White "Raicevic, Vladimir"]
[Black "Sibarevic, Milenko"]
[Result "1-0"]
[WhiteElo "2455"]
[BlackElo "2405"]
[EventDate "1987.04.11"]
[PlyCount "147"]

1.d4 Nf6 2.c4 g6 3.f3 d5 4.cxd5 Nxd5 5.e4 Nb6 6.a4 a5 7.Be3 Bg7 8.Nc3 O-O 
9.Rc1 c6 10.h4 Be6 11.h5 Nc4 12.Bxc4 Bxc4 13.Nce2 Bxe2 14.Nxe2 Qb6 15.hxg6
hxg6 16.Kf2 Rd8 17.Qg1 Nd7 18.Qh2 Nf8 19.Rcd1 f6 20.Rd2 Qb3 21.Nc3 Rd7 22.
f4 b5 23.axb5 cxb5 24.g4 Rc8 25.Kf3 b4 26.Nd5 Rxd5 27.exd5 Qxd5+ 28.Kg3 a4
29.Qg2 Qb3 30.Qe4 e6 31.Kf3 f5 32.gxf5 gxf5 33.Qb7 Rd8 34.Rg1 Rd7 35.Qc6 
Kf7 36.Rgd1 Bf6 37.Qb5 Qd5+ 38.Qxd5 exd5 39.Ra1 Ra7 40.Ke2 Ne6 41.Kd3 a3 
42.bxa3 bxa3 43.Rda2 Be7 44.Rb1 Bd6 45.Rb5 Nc7 46.Rb6 Ke7 47.Bd2 Ra4 48.
Bc3 Kd7 49.Rh2 a2 50.Rh7+ Be7 51.Ba1 Rc4 52.Kd2 Kd8 53.Rb7 Kc8 54.Ra7 Bd6 
55.Ke3 Rc1 56.Rxa2 Re1+ 57.Kd3 Bxf4 58.Rf7 Re3+ 59.Kc2 Re2+ 60.Kb3 Re3+ 
61.Ka4 Rd3 62.Rxf5 Bd6 63.Rff2 Kb7 64.Rfc2 Na8 65.Bc3 Nb6+ 66.Kb3 Nc4 67.
Rf2 Rh3 68.Rf7+ Bc7 69.Raf2 Re3 70.R2f6 Nd2+ 71.Kb4 Ne4 72.Re6 Rxc3 73.
Rxe4 Rc4+ 74.Kb5 1-0

[Event "7th Banja Luka it"]
[Site "Banja Luka YUG"]
[Date "1987.04.11"]
[Round "1"]
[White "Dzevlan, Miralem"]
[Black "Wiedenkeller, Michael"]
[Result "0-1"]
[WhiteElo "2330"]
[BlackElo "2460"]
[EventDate "1987.04.11"]
[PlyCount "50"]

1.e4 e6 2.d4 d5 3.Nd2 Nf6 4.Bd3 c5 5.e5 Nfd7 6.c3 Nc6 7.Ne2 Qb6 8.Nf3 cxd4
9.cxd4 f6 10.exf6 Nxf6 11.O-O Bd6 12.Nc3 O-O 13.Bg5 Kh8 14.Na4 Qc7 15.Re1 
Ng4 16.h3 Bh2+ 17.Kf1 Nxf2 18.Kxf2 Qg3+ 19.Ke3 e5 20.dxe5 Nxe5 21.Kd4 Rxf3
22.gxf3 Qxg5 23.Qe2 Qf4+ 24.Kc3 Qxa4 25.Qxh2 d4+ 0-1

[Event "7th Banja Luka it"]
[Site "Banja Luka YUG"]
[Date "1987.04.12"]
[Round "2"]
[White "Hulak, Krunoslav"]
[Black "Raicevic, Vladimir"]
[Result "1/2-1/2"]
[WhiteElo "2540"]
[BlackElo "2455"]
[EventDate "1987.04.11"]
[PlyCount "93"]

1.d4 d5 2.Nf3 c5 3.c3 e6 4.Bf4 Bd6 5.Bxd6 Qxd6 6.e3 Nc6 7.Nbd2 Nf6 8.Bb5 
Bd7 9.O-O O-O 10.Qe2 a6 11.Bxc6 Bxc6 12.Rfd1 Bb5 13.Qe1 Nd7 14.e4 Bd3 15.
dxc5 Nxc5 16.e5 Qe7 17.Nd4 Bg6 18.N2b3 b6 19.Qe3 Rfc8 20.Nc1 h6 21.Nce2 
Rab8 22.Rac1 b5 23.h3 Na4 24.b3 Nc5 25.Kh2 Bh7 26.f3 Rc7 27.Ng3 Rbc8 28.
Nde2 a5 29.Rd4 Qg5 30.f4 Qe7 31.f5 Bxf5 32.Nxf5 exf5 33.Rxd5 Rd7 34.Rcd1 
Rcd8 35.Nf4 Ne4 36.Rxd7 Rxd7 37.Rxd7 Qxd7 38.Ne2 Qc7 39.Qd4 Kh7 40.Kg1 Qe7
41.Kh2 Qh4 42.Qd7 Qf2 43.Qxb5 Nd2 44.Nd4 Nf1+ 45.Kh1 Ng3+ 46.Kh2 Qf4 47.
Nf3 1/2-1/2

[Event "7th Banja Luka it"]
[Site "Banja Luka YUG"]
[Date "1987.04.12"]
[Round "2"]
[White "Brkovic, Zoran"]
[Black "Filipovic, Branko"]
[Result "1-0"]
[WhiteElo "2350"]
[BlackElo "2415"]
[EventDate "1987.04.11"]
[PlyCount "79"]

1.e4 c5 2.Nf3 Nc6 3.g3 g6 4.Bg2 Bg7 5.O-O e5 6.c3 Nge7 7.a3 d5 8.exd5 Nxd5
9.b4 cxb4 10.axb4 Nc7 11.Qe2 Bf5 12.d4 O-O 13.b5 Na5 14.Rxa5 exd4 15.b6 
Bxb1 16.bxc7 Qxc7 17.Rb5 Rfe8 18.Qd1 dxc3 19.Bf4 c2 20.Bxc7 cxd1=Q 21.Rxd1
Be4 22.Ng5 Bxg2 23.Kxg2 Re7 24.Rxb7 Be5 25.Rb8+ Rxb8 26.Bxb8 Bf6 27.Nf3 
Rb7 28.Be5 Be7 29.Ra1 Bd8 30.Rc1 Kf8 31.Rc8 Ke7 32.Bf6+ Kxf6 33.Rxd8 Rb6 
34.Rd7 Ra6 35.Nd4 Ra4 36.Nc6 a6 37.Nd8 g5 38.Rxf7+ Kg6 39.Ra7 Ra2 40.Nc6 
1-0

[Event "7th Banja Luka it"]
[Site "Banja Luka YUG"]
[Date "1987.04.13"]
[Round "3"]
[White "Filipovic, Branko"]
[Black "Mihaljcisin, Mihajlo"]
[Result "0-1"]
[WhiteElo "2415"]
[BlackElo "2280"]
[EventDate "1987.04.11"]
[PlyCount "122"]

1.e4 c5 2.c3 e6 3.d4 d5 4.e5 Nc6 5.Nf3 Bd7 6.Be3 Qb6 7.Qd2 Rc8 8.dxc5 Bxc5
9.Bxc5 Qxc5 10.Qg5 Qf8 11.Nbd2 f6 12.Qg3 fxe5 13.Nxe5 Nxe5 14.Qxe5 Qf6 15.
Qe3 Ne7 16.Qxa7 O-O 17.Bd3 e5 18.O-O e4 19.Be2 Ng6 20.Rfd1 Nf4 21.Bf1 Bg4 
22.f3 exf3 23.gxf3 Bh3 24.Qf2 Rce8 25.Re1 Bxf1 26.Qxf1 Qb6+ 27.Kh1 Qxb2 
28.Rxe8 Rxe8 29.Re1 Rc8 30.Nb1 Rc6 31.Rd1 Qxa2 32.Rd2 Qa1 33.Qb5 Qa6 34.
Qxa6 bxa6 35.Rd4 g5 36.Ra4 Re6 37.h4 Re1+ 38.Kh2 Rxb1 39.hxg5 Ne6 40.Rxa6 
Nxg5 41.Ra5 Nxf3+ 42.Kg3 Nd2 43.Rxd5 Ne4+ 44.Kf4 Nxc3 45.Rc5 Rb4+ 46.Kf3 
Ne4 47.Rc8+ Kg7 48.Ra8 Kg6 49.Rg8+ Kf5 50.Rf8+ Nf6 51.Kg3 Kg5 52.Ra8 Rb3+ 
53.Kh2 h5 54.Ra7 Ng4+ 55.Kg2 Rb2+ 56.Kh1 Rc2 57.Ra5+ Kf4 58.Ra1 Ne5 59.Ra3
h4 60.Ra1 Ng4 61.Rf1+ Kg3 0-1

[Event "7th Banja Luka it"]
[Site "Banja Luka YUG"]
[Date "1987.04.13"]
[Round "3"]
[White "Veroci-Petronic, Zsuzsa"]
[Black "Brkovic, Zoran"]
[Result "0-1"]
[WhiteElo "2415"]
[BlackElo "2350"]
[EventDate "1987.04.11"]
[PlyCount "70"]

1.e4 e6 2.d4 d5 3.Nc3 Bb4 4.Ne2 Ne7 5.a3 Ba5 6.b4 Bb6 7.e5 a5 8.Rb1 axb4 
9.axb4 Nf5 10.Qd3 Nc6 11.Nb5 f6 12.f4 fxe5 13.dxe5 O-O 14.g3 Qe7 15.Bd2 
Bd7 16.Bh3 Be8 17.Bxf5 Rxf5 18.Ned4 Nxd4 19.Nxd4 Rf8 20.Be3 Bg6 21.Qb3 c5 
22.bxc5 Bxc5 23.Nxe6 Ra3 24.Nxc5 Rxb3 25.Rxb3 b6 26.Rxb6 Qa7 27.Ra6 Qb8 
28.O-O Qb2 29.Ne6 Re8 30.f5 Bf7 31.Nc7 Qxe5 32.Bf4 Qd4+ 33.Kh1 Rc8 34.Re1 
Qf2 35.Raa1 Bh5 0-1

[Event "7th Banja Luka it"]
[Site "Banja Luka YUG"]
[Date "1987.04.13"]
[Round "3"]
[White "Dzevlan, Miralem"]
[Black "Sibarevic, Milenko"]
[Result "1/2-1/2"]
[WhiteElo "2330"]
[BlackElo "2405"]
[EventDate "1987.04.11"]
[PlyCount "37"]

1.e4 c5 2.Nf3 d6 3.d4 cxd4 4.Nxd4 Nf6 5.Nc3 a6 6.Be2 e6 7.O-O Be7 8.f4 Qc7
9.Bf3 O-O 10.Be3 Nc6 11.Nxc6 bxc6 12.Na4 Rb8 13.c4 c5 14.Qc2 Bb7 15.Rad1 
Rbd8 16.b4 Nd7 17.bxc5 Nxc5 18.Nxc5 dxc5 19.h3 1/2-1/2

[Event "7th Banja Luka it"]
[Site "Banja Luka YUG"]
[Date "1987.04.13"]
[Round "3"]
[White "Wiedenkeller, Michael"]
[Black "Gavric, Miladin"]
[Result "1/2-1/2"]
[WhiteElo "2460"]
[BlackElo "2320"]
[EventDate "1987.04.11"]
[PlyCount "70"]

1.d4 Nf6 2.c4 g6 3.Nc3 Bg7 4.e4 O-O 5.Be3 d6 6.f3 Nc6 7.Nge2 a6 8.Qd2 Rb8 
9.Nc1 e5 10.d5 Nd4 11.N1e2 c5 12.dxc6 bxc6 13.Nxd4 exd4 14.Bxd4 Qa5 15.Rc1
Be6 16.Be2 Rfd8 17.O-O Qb4 18.b3 d5 19.Qe3 dxc4 20.Bc5 Qa5 21.b4 Qc7 22.
Rcd1 Rxd1 23.Rxd1 Rd8 24.Rxd8+ Qxd8 25.f4 Ng4 26.Bxg4 Bxg4 27.h3 Qd3 28.e5
Be6 29.Qxd3 cxd3 30.Kf2 f6 31.Bd4 fxe5 32.fxe5 Bh6 33.Be3 Bg7 34.Bd4 Bh6 
35.Be3 Bg7 1/2-1/2

[Event "7th Banja Luka it"]
[Site "Banja Luka YUG"]
[Date "1987.04.14"]
[Round "4"]
[White "Sibarevic, Milenko"]
[Black "Wiedenkeller, Michael"]
[Result "1-0"]
[WhiteElo "2405"]
[BlackElo "2460"]
[EventDate "1987.04.11"]
[PlyCount "67"]

1.e4 e6 2.d4 d5 3.Nc3 Bb4 4.a3 Bxc3+ 5.bxc3 dxe4 6.Qg4 Nf6 7.Qxg7 Rg8 8.
Qh6 c5 9.Bb2 Nbd7 10.O-O-O Qc7 11.c4 cxd4 12.Bxd4 Rg6 13.Qe3 b6 14.Ne2 Ba6
15.Nc3 Bxc4 16.Nb5 Bxb5 17.Bxb5 Rc8 18.Rd2 Kf8 19.Bxd7 Nxd7 20.Qxe4 Qc6 
21.Qh4 Nc5 22.Bxc5+ Qxc5 23.Qh3 Qe5 24.Kb1 Rc5 25.Rd3 Rb5+ 26.Rb3 Rxb3+ 
27.Qxb3 Rxg2 28.Qb4+ Qc5 29.Qb2 Qxf2 30.Rd1 Rg1 31.Qh8+ Rg8 32.Qe5 Qg2 33.
Qf6 Qd5 34.Rxd5 1-0

[Event "7th Banja Luka it"]
[Site "Banja Luka YUG"]
[Date "1987.04.14"]
[Round "4"]
[White "Hulak, Krunoslav"]
[Black "Dzevlan, Miralem"]
[Result "1-0"]
[WhiteElo "2540"]
[BlackElo "2330"]
[EventDate "1987.04.11"]
[PlyCount "145"]

1.d4 Nf6 2.c4 e6 3.Nc3 Bb4 4.Qc2 O-O 5.Nf3 c5 6.dxc5 Bxc5 7.Bf4 b6 8.e3 
Bb7 9.Be2 Na6 10.O-O Be7 11.Rfd1 Nc5 12.Nd2 d6 13.b4 Ncd7 14.Nf3 Qb8 15.a3
a6 16.Rd2 Qc7 17.Rc1 Rac8 18.Qd1 Ne5 19.Nxe5 dxe5 20.Bg3 Rfd8 21.f3 Bc6 
22.Rxd8+ Rxd8 23.Qb3 g5 24.Rd1 Rxd1+ 25.Nxd1 a5 26.Qc3 axb4 27.axb4 Nd7 
28.Nf2 f6 29.h4 gxh4 30.Bxh4 Qd6 31.Nd3 e4 32.fxe4 Bxe4 33.Be1 Kf7 34.Qd4 
Bf5 35.Bc3 e5 36.Qxd6 Bxd6 37.Nb2 Be4 38.Kf2 Ke6 39.Bf3 Bxf3 40.Kxf3 f5 
41.e4 Nf6 42.exf5+ Kxf5 43.Na4 e4+ 44.Ke3 Nd7 45.Be1 Be5 46.Bf2 Bd6 47.Be1
Be5 48.Bh4 Bd6 49.b5 Bh2 50.Bf2 Be5 51.Bg1 h5 52.Bf2 Bf6 53.Bg3 Be5 54.Bh4
Bh2 55.Bf2 Be5 56.Ke2 Bc7 57.Nc3 Bd8 58.Nd5 Ke5 59.Kd2 Kf5 60.Kc3 Bf6+ 61.
Nxf6 Kxf6 62.Bg3 Kf5 63.Bc7 e3 64.Kd3 e2 65.Kxe2 Ke4 66.c5 Nxc5 67.Bxb6 
Nb7 68.Bf2 Nd6 69.b6 Nb7 70.Kd2 Na5 71.Kc3 Kd5 72.Kd3 Nb7 73.Ke3 1-0

[Event "7th Banja Luka it"]
[Site "Banja Luka YUG"]
[Date "1987.04.14"]
[Round "4"]
[White "Brkovic, Zoran"]
[Black "Raicevic, Vladimir"]
[Result "1/2-1/2"]
[WhiteElo "2350"]
[BlackElo "2455"]
[EventDate "1987.04.11"]
[PlyCount "99"]

1.e4 e6 2.Qe2 b6 3.g3 Bb7 4.Bg2 d5 5.exd5 Bxd5 6.Nf3 Nf6 7.b3 Bd6 8.Bb2 
O-O 9.Nc3 Bb7 10.O-O a6 11.d3 Qe7 12.Rad1 c5 13.Ne4 Nxe4 14.dxe4 Nc6 15.h4
e5 16.c3 a5 17.Rfe1 a4 18.Bc1 axb3 19.axb3 Na5 20.Qc2 b5 21.h5 Rfd8 22.Nh4
Qe6 23.Rd5 g6 24.hxg6 hxg6 25.Bg5 Be7 26.Bxe7 Qxe7 27.Rxd8+ Rxd8 28.Ra1 
Nc6 29.Qc1 Kg7 30.Qe3 b4 31.cxb4 cxb4 32.Bf1 Nd4 33.Ra7 Rd7 34.Bc4 Qc5 35.
Ra2 Ne6 36.Qxc5 Nxc5 37.f3 Rd1+ 38.Kf2 Rb1 39.Ra7 Kf6 40.Ng2 Rb2+ 41.Kg1 
Rb1+ 42.Kf2 Rb2+ 43.Kf1 Nxb3 44.Bxb3 Rxb3 45.Rxb7 Rxf3+ 46.Ke2 Rxg3 47.Ne3
b3 48.Kf2 Rh3 49.Rxb3 Kg5 50.Rb4 1/2-1/2

[Event "7th Banja Luka it"]
[Site "Banja Luka YUG"]
[Date "1987.04.14"]
[Round "4"]
[White "Mihaljcisin, Mihajlo"]
[Black "Veroci-Petronic, Zsuzsa"]
[Result "1/2-1/2"]
[WhiteElo "2280"]
[BlackElo "2415"]
[EventDate "1987.04.11"]
[PlyCount "75"]

1.e4 e5 2.Nf3 Nc6 3.Bb5 a6 4.Ba4 d6 5.d4 b5 6.Bb3 Nxd4 7.Nxd4 exd4 8.c3 
Bb7 9.cxd4 Nf6 10.f3 Be7 11.Be3 O-O 12.Nc3 c5 13.O-O c4 14.Bc2 d5 15.e5 
Ne8 16.f4 f5 17.g4 Bc8 18.Qf3 Nc7 19.gxf5 Bxf5 20.Bxf5 Rxf5 21.Ne2 Bb4 22.
Kh1 Ne6 23.Rg1 Ra7 24.Qh3 Raf7 25.Rg4 Be7 26.Rag1 Kh8 27.Ng3 Rxf4 28.Bxf4 
Nxf4 29.Rxf4 Rxf4 30.Nh5 Rh4 31.Qg3 g6 32.Nf4 Qf8 33.Nxd5 Rxd4 34.Qg2 Bc5 
35.Nf6 Qd8 36.Qc6 Rd1 37.Rxd1 Qxd1+ 38.Kg2 1/2-1/2

[Event "7th Banja Luka it"]
[Site "Banja Luka YUG"]
[Date "1987.04.14"]
[Round "4"]
[White "Matulovic, Milan"]
[Black "Filipovic, Branko"]
[Result "0-1"]
[WhiteElo "2485"]
[BlackElo "2415"]
[EventDate "1987.04.11"]
[PlyCount "64"]

1.e4 c5 2.Nf3 Nc6 3.d4 cxd4 4.Nxd4 Nf6 5.Nc3 e5 6.Ndb5 d6 7.Nd5 Nxd5 8.
exd5 Ne7 9.c3 f5 10.a4 Ng6 11.h4 Be7 12.h5 Nf8 13.g4 fxg4 14.Be3 a6 15.Na3
Bg5 16.Nc4 Bxe3 17.fxe3 Qf6 18.Be2 Nd7 19.Rf1 Qe7 20.a5 g3 21.Qc2 g2 22.
Rg1 O-O 23.Rxg2 Nc5 24.Bd3 Qh4+ 25.Kd2 Rf2+ 26.Rxf2 Qxf2+ 27.Be2 Bf5 28.
Qd1 Bd3 29.Qe1 Rf8 30.Kd1 Bxe2+ 31.Qxe2 Qg1+ 32.Qe1 Rf1 0-1

[Event "7th Banja Luka it"]
[Site "Banja Luka YUG"]
[Date "1987.04.16"]
[Round "5"]
[White "Filipovic, Branko"]
[Black "Skembris, Spyridon"]
[Result "1/2-1/2"]
[WhiteElo "2415"]
[BlackElo "2400"]
[EventDate "1987.04.11"]
[PlyCount "51"]

1.e4 e6 2.d4 d5 3.Nd2 dxe4 4.Nxe4 Bd7 5.Nf3 Bc6 6.Neg5 Be7 7.Bd3 Nd7 8.Qe2
h6 9.Ne4 Ngf6 10.Nxf6+ Nxf6 11.c3 Qd6 12.Ne5 Nd7 13.Nxc6 Qxc6 14.O-O O-O 
15.Bf4 Rad8 16.Rad1 Bd6 17.Be5 Nf6 18.d5 Qe8 19.dxe6 Qxe6 20.Bd4 c5 21.
Qxe6 fxe6 22.Bxf6 Rxf6 23.Bc4 Kf8 24.Rd3 Ke7 25.Rfd1 Rf4 26.b3 1/2-1/2

[Event "7th Banja Luka it"]
[Site "Banja Luka YUG"]
[Date "1987.04.16"]
[Round "5"]
[White "Raicevic, Vladimir"]
[Black "Mihaljcisin, Mihajlo"]
[Result "1/2-1/2"]
[WhiteElo "2455"]
[BlackElo "2280"]
[EventDate "1987.04.11"]
[PlyCount "51"]

1.d4 d5 2.c4 e6 3.Nc3 c5 4.cxd5 exd5 5.Nf3 Nc6 6.Bg5 Be7 7.Bxe7 Ngxe7 8.
dxc5 Qa5 9.e3 Qxc5 10.Rc1 O-O 11.Qd2 Bg4 12.Nb5 Qb6 13.Nfd4 a6 14.Nxc6 
Nxc6 15.Nd4 Nxd4 16.Qxd4 Qxd4 17.exd4 Rac8 18.Rc3 Rfe8+ 19.Kd2 Re4 20.
Rxc8+ Bxc8 21.Kd3 Re1 22.g3 Rc1 23.Kd2 Rb1 24.Kc3 Rc1+ 25.Kd2 Rb1 26.Kc3 
1/2-1/2

[Event "7th Banja Luka it"]
[Site "Banja Luka YUG"]
[Date "1987.04.16"]
[Round "5"]
[White "Gavric, Miladin"]
[Black "Sibarevic, Milenko"]
[Result "1/2-1/2"]
[WhiteElo "2320"]
[BlackElo "2405"]
[EventDate "1987.04.11"]
[PlyCount "29"]

1.d4 d5 2.c4 e6 3.Nc3 Nf6 4.Bg5 Be7 5.Nf3 Nbd7 6.e3 O-O 7.Rc1 c6 8.Bd3 
dxc4 9.Bxc4 Nd5 10.Bxe7 Qxe7 11.O-O Nxc3 12.Rxc3 e5 13.dxe5 Nxe5 14.Nxe5 
Qxe5 15.f4 1/2-1/2

[Event "7th Banja Luka it"]
[Site "Banja Luka YUG"]
[Date "1987.04.17"]
[Round "6"]
[White "Skembris, Spyridon"]
[Black "Sibarevic, Milenko"]
[Result "1-0"]
[WhiteElo "2400"]
[BlackElo "2405"]
[EventDate "1987.04.11"]
[PlyCount "55"]

1.d4 Nf6 2.Nf3 g6 3.c4 Bg7 4.Nc3 d5 5.Bf4 O-O 6.e3 c5 7.dxc5 Qa5 8.Qd2 
dxc4 9.Bxc4 Qxc5 10.Bb3 Nc6 11.Rc1 Qa5 12.O-O e5 13.Bg3 Rd8 14.Qe2 e4 15.
Nd2 Bg4 16.Qe1 Nb4 17.Nc4 Qa6 18.Ne5 Nd3 19.Bxf7+ Kh8 20.Bc4 Qxc4 21.Nxc4 
Nxe1 22.Rfxe1 Bf5 23.Nd6 Rd7 24.Be5 Kg8 25.h3 h5 26.Rcd1 Re7 27.Bxf6 Bxf6 
28.Nd5 1-0

[Event "7th Banja Luka it"]
[Site "Banja Luka YUG"]
[Date "1987.04.17"]
[Round "6"]
[White "Hulak, Krunoslav"]
[Black "Gavric, Miladin"]
[Result "1/2-1/2"]
[WhiteElo "2540"]
[BlackElo "2320"]
[EventDate "1987.04.11"]
[PlyCount "81"]

1.Nf3 g6 2.e4 Bg7 3.d4 c5 4.c4 Nc6 5.d5 Nd4 6.Nxd4 Bxd4 7.Bd3 d6 8.Nd2 Bg7
9.O-O Nf6 10.f4 O-O 11.Nf3 Bg4 12.Bd2 e6 13.Bc3 exd5 14.cxd5 b5 15.b3 Qb6 
16.Kh1 Rae8 17.h3 Bxf3 18.Qxf3 Nd7 19.Bxg7 Kxg7 20.Rfe1 Re7 21.Qe2 a6 22.
a4 Rb8 23.Qb2+ f6 24.axb5 axb5 25.Ra2 c4 26.Bb1 cxb3 27.Qxb3 b4 28.Rae2 
Rbe8 29.h4 Qd4 30.Rd1 Qc3 31.Qxc3 bxc3 32.Rc1 f5 33.Rxc3 fxe4 34.Rc6 Nf6 
35.Rxd6 Nh5 36.Re3 Nxf4 37.g3 Nh5 38.Kg2 Nf6 39.Kh3 h5 40.Bc2 Re5 41.Bb3 
1/2-1/2

[Event "7th Banja Luka it"]
[Site "Banja Luka YUG"]
[Date "1987.04.17"]
[Round "6"]
[White "Brkovic, Zoran"]
[Black "Dzevlan, Miralem"]
[Result "1-0"]
[WhiteElo "2350"]
[BlackElo "2330"]
[EventDate "1987.04.11"]
[PlyCount "81"]

1.e4 c5 2.Nc3 Nc6 3.g3 g6 4.Bg2 Bg7 5.d3 d6 6.Nge2 e6 7.O-O Nge7 8.Bg5 O-O
9.Qd2 Nd4 10.Nxd4 cxd4 11.Ne2 Re8 12.Bh6 Bh8 13.f4 f5 14.g4 Bd7 15.Ng3 
fxg4 16.f5 Nc6 17.Rf2 Ne5 18.Raf1 Bc6 19.fxe6 Qe7 20.Ne2 Nf3+ 21.Bxf3 gxf3
22.Rxf3 Qxe6 23.Nf4 Qe7 24.Qg2 Bg7 25.Bxg7 Qxg7 26.Nh5 gxh5 27.Rg3 Re7 28.
Kh1 Kh8 29.Rxg7 Rxg7 30.Qf3 Rg6 31.Qf2 Re8 32.Qxd4+ Kg8 33.c4 h4 34.Rg1 
Re6 35.Rxg6+ Rxg6 36.Qf2 Bd7 37.Qxh4 Bg4 38.Kg1 Be2+ 39.Kf2 Bxd3 40.c5 Bb5
41.Qd8+ 1-0

[Event "7th Banja Luka it"]
[Site "Banja Luka YUG"]
[Date "1987.04.17"]
[Round "6"]
[White "Matulovic, Milan"]
[Black "Raicevic, Vladimir"]
[Result "1-0"]
[WhiteElo "2485"]
[BlackElo "2455"]
[EventDate "1987.04.11"]
[PlyCount "117"]

1.e4 e6 2.d4 d5 3.Nd2 c5 4.Ngf3 Nc6 5.exd5 exd5 6.Bb5 Bd6 7.O-O Ne7 8.dxc5
Bxc5 9.Nb3 Bd6 10.Nbd4 O-O 11.Be3 Bg4 12.Qd2 Qc7 13.h3 Bd7 14.Bd3 a6 15.
Rfe1 Rfe8 16.c3 Na5 17.Qc2 h6 18.Re2 Nc4 19.Rae1 Nxe3 20.Rxe3 Nc6 21.Qb3 
Rxe3 22.Rxe3 Ne7 23.Qc2 Rd8 24.Qe2 Nc6 25.Bf5 Bf4 26.Rd3 Re8 27.Qf1 Nxd4 
28.Nxd4 Bxf5 29.Nxf5 Qc4 30.g3 Bb8 31.b3 Qc5 32.Qd1 Kh7 33.Qf3 Be5 34.Rxd5
Qxc3 35.Qxc3 Bxc3 36.Rd7 b5 37.Ne3 Kg8 38.Kf1 g6 39.Ke2 Kg7 40.Rd6 Ra8 41.
f4 a5 42.Nd5 Re8+ 43.Kd3 Be1 44.g4 Rc8 45.f5 h5 46.fxg6 hxg4 47.hxg4 fxg6 
48.g5 Rc5 49.Rd7+ Kf8 50.Kd4 Bf2+ 51.Ke4 b4 52.Rb7 Rc2 53.Nf4 Rxa2 54.
Nxg6+ Ke8 55.Nf4 Bh4 56.g6 Bf6 57.Nh5 Bc3 58.g7 Rg2 59.Rb8+ 1-0

[Event "7th Banja Luka it"]
[Site "Banja Luka YUG"]
[Date "1987.04.17"]
[Round "6"]
[White "Filipovic, Branko"]
[Black "Veroci-Petronic, Zsuzsa"]
[Result "1-0"]
[WhiteElo "2415"]
[BlackElo "2415"]
[EventDate "1987.04.11"]
[PlyCount "117"]

1.e4 e5 2.Nf3 Nc6 3.Bb5 g6 4.c3 a6 5.Ba4 d6 6.d4 Bd7 7.dxe5 dxe5 8.Bb3 Bg7
9.Ng5 Nh6 10.h4 Qe7 11.Qd5 Rd8 12.Be3 Bg4 13.Qc4 Na5 14.Qa4+ Qd7 15.f3 
Nxb3 16.Qxb3 Qd3 17.Kf2 O-O 18.Na3 Qd6 19.Rad1 Qf6 20.Rxd8 Rxd8 21.Rd1 
Rxd1 22.Qxd1 Bc8 23.Kg3 Qd6 24.Qxd6 cxd6 25.Nc4 Bf8 26.Nb6 Be6 27.Nxe6 
fxe6 28.Bxh6 Bxh6 29.Nc4 Bf4+ 30.Kf2 d5 31.Nd6 b5 32.Ne8 Bc1 33.b3 Kf7 34.
Nc7 Ke7 35.Nxa6 Kd6 36.Ke2 Bf4 37.h5 gxh5 38.Kd3 Bg3 39.Nb4 Kc7 40.Nc2 Bf2
41.Na3 Kc6 42.Nc2 Kc5 43.a3 Bh4 44.Ne3 Bg5 45.Nc2 Bh4 46.a4 bxa4 47.bxa4 
Bd8 48.Na1 Kd6 49.Nb3 Be7 50.c4 d4 51.Kc2 h4 52.Nc1 Kc6 53.Nd3 Bd6 54.Kb3 
Kb6 55.c5+ Bxc5 56.Nxe5 Kc7 57.Kc4 Ba7 58.f4 Kb6 59.Nf3 1-0

[Event "7th Banja Luka it"]
[Site "Banja Luka YUG"]
[Date "1987.04.18"]
[Round "7"]
[White "Veroci-Petronic, Zsuzsa"]
[Black "Skembris, Spyridon"]
[Result "1/2-1/2"]
[WhiteElo "2415"]
[BlackElo "2400"]
[EventDate "1987.04.11"]
[PlyCount "29"]

1.e4 c5 2.Nf3 Nc6 3.d4 cxd4 4.Nxd4 g6 5.c4 Bg7 6.Be3 Nf6 7.Nc3 Ng4 8.Qxg4 
Nxd4 9.Qd1 Ne6 10.Rc1 d6 11.b4 O-O 12.Bd3 a5 13.a3 axb4 14.axb4 Bd7 15.O-O
1/2-1/2

[Event "7th Banja Luka it"]
[Site "Banja Luka YUG"]
[Date "1987.04.18"]
[Round "7"]
[White "Raicevic, Vladimir"]
[Black "Filipovic, Branko"]
[Result "1/2-1/2"]
[WhiteElo "2455"]
[BlackElo "2415"]
[EventDate "1987.04.11"]
[PlyCount "49"]

1.d4 Nf6 2.c4 g6 3.Nc3 d5 4.Nf3 Bg7 5.cxd5 Nxd5 6.e4 Nxc3 7.bxc3 c5 8.Be3 
Qa5 9.Qd2 Nc6 10.Rb1 cxd4 11.cxd4 O-O 12.Bb5 Qxd2+ 13.Kxd2 f5 14.d5 Rd8 
15.Kc1 Ne5 16.Nxe5 Bxe5 17.f4 Bd6 18.e5 Ba3+ 19.Kc2 Rxd5 20.Bc4 Be6 21.
Bxd5 Bxd5 22.Rb3 Rc8+ 23.Rc3 Be4+ 24.Kb3 Bd5+ 25.Kc2 1/2-1/2

[Event "7th Banja Luka it"]
[Site "Banja Luka YUG"]
[Date "1987.04.18"]
[Round "7"]
[White "Dzevlan, Miralem"]
[Black "Mihaljcisin, Mihajlo"]
[Result "1/2-1/2"]
[WhiteElo "2330"]
[BlackElo "2280"]
[EventDate "1987.04.11"]
[PlyCount "32"]

1.e4 c5 2.Nf3 Nc6 3.d4 cxd4 4.Nxd4 Nf6 5.Nc3 d6 6.Bc4 Qb6 7.Nb3 e6 8.Be3 
Qc7 9.Qe2 Be7 10.O-O-O a6 11.g4 Ne5 12.Bd3 Nfxg4 13.Bd4 Nf6 14.Rhg1 Ng6 
15.Be3 e5 16.h4 h5 1/2-1/2

[Event "7th Banja Luka it"]
[Site "Banja Luka YUG"]
[Date "1987.04.18"]
[Round "7"]
[White "Wiedenkeller, Michael"]
[Black "Brkovic, Zoran"]
[Result "1/2-1/2"]
[WhiteElo "2460"]
[BlackElo "2350"]
[EventDate "1987.04.11"]
[PlyCount "41"]

1.d4 Nf6 2.c4 d6 3.Nc3 Nbd7 4.e4 e5 5.Nf3 Be7 6.Be2 c6 7.O-O O-O 8.Qc2 Qc7
9.h3 a6 10.Be3 b5 11.Rac1 b4 12.Nb1 c5 13.d5 Re8 14.Nh2 Nf8 15.f4 exf4 16.
Bxf4 Ng6 17.Bg3 Nd7 18.Bh5 Bf6 19.Nf3 Nde5 20.Nbd2 Ra7 21.Nxe5 1/2-1/2

[Event "7th Banja Luka it"]
[Site "Banja Luka YUG"]
[Date "1987.04.19"]
[Round "8"]
[White "Skembris, Spyridon"]
[Black "Hulak, Krunoslav"]
[Result "0-1"]
[WhiteElo "2400"]
[BlackElo "2540"]
[EventDate "1987.04.11"]
[PlyCount "120"]

1.d4 Nf6 2.c4 c5 3.Nf3 cxd4 4.Nxd4 e6 5.g3 d5 6.Bg2 e5 7.Nf3 d4 8.O-O Nc6 
9.e3 Bc5 10.exd4 exd4 11.Re1+ Be6 12.Ng5 O-O 13.Nxe6 fxe6 14.Nd2 Qd7 15.
Nb3 b6 16.Nxc5 bxc5 17.Qa4 Rac8 18.Bh3 Rce8 19.Bf4 h6 20.Qb5 g5 21.Bd2 Qd6
22.b4 Ne5 23.bxc5 Nf3+ 24.Kh1 Qd8 25.Ba5 Qc8 26.Re2 g4 27.Bg2 e5 28.c6 e4 
29.Bb4 Rf7 30.Bd6 e3 31.c5 Ne4 32.fxe3 Nc3 33.Qd3 Nxe2 34.c7 Rxe3 35.Qc4 
Nc3 36.Bxf3 Rxf3 37.Re1 Re3 38.Rf1 Rf3 39.Re1 Rf6 40.Kg1 Kh7 41.Qd3+ Kg8 
42.Qc4 Qf5 43.Bf4 Qd7 44.a4 Rc6 45.Bd6 Qf5 46.Re8+ Kh7 47.Bf4 Rcxc7 48.
Qxd4 Ne2+ 49.Rxe2 Qxc5 50.Qxc5 Rxc5 51.Re6 h5 52.Ra6 Kg7 53.h3 Rc2 54.Be3 
gxh3 55.Rxa7 Rxa7 56.Bxa7 Kg6 57.a5 Kf5 58.Bb6 Kg4 59.Bd4 h2+ 60.Kh1 Kh3 
0-1

[Event "7th Banja Luka it"]
[Site "Banja Luka YUG"]
[Date "1987.04.19"]
[Round "8"]
[White "Brkovic, Zoran"]
[Black "Gavric, Miladin"]
[Result "1/2-1/2"]
[WhiteElo "2350"]
[BlackElo "2320"]
[EventDate "1987.04.11"]
[PlyCount "20"]

1.e4 e5 2.Nf3 Nf6 3.Nc3 Nc6 4.Bb5 Bb4 5.O-O O-O 6.d3 Bxc3 7.bxc3 d6 8.Bxc6
bxc6 9.Bg5 h6 10.Bh4 Rb8 1/2-1/2